000 00335nam a22001337a 4500
008 170908b xxu||||| |||| 00| 0 eng d
020 _a9781118411599
041 _aeng
080 _26 ED
_a91
100 _a42
101 _aGEO
245 _aTHE WORLD TODAY CONCEPTS AND REGIONS IN GEOGRAPHY
_cMULLER.P.O
942 _2udc
_cBK
999 _c26753
_d26753